000 00820nam2a2200205 4500
001 RU\NLR\PER_A\011886590_000050
005 20250623214305.0
035 _a(NLR Aleph) 012148421
090 _a12135232
_c12135232
100 _a20191128d2019 |||y0rusy50 ca
101 0 _arus
102 _aRU
200 0 _a2019, № 3
210 _d2019
_aБ. м.
461 0 _1001RU\NLR\BIBL_A\011886590
_12001#$aNordic walking in Russia$eNW$eпервый в России журнал о скандинавской ходьбе$v2019, № 3
_910807468
_cМосква
_d2018 -
_nИнфонордмедиа-Центр
_oNW : первый в России журнал о скандинавской ходьбе
_tNordic walking in Russia
_v2019, № 3
852 _aNLR
_jП41/567
942 _cISSUE
980 _aNB
980 _aRUSPER